000 01050nam a22002657a 4500
005 20100407142311.0
008 100407t xxu||||| |||| 00| 0 eng d
010 _aENG-95991
020 _a9788131723630
_c650.00
035 _aEN-79524
037 _bDBAD/VEN
040 _adpl
_bEnglish
082 _a510
100 _aSharma, J. K.
245 _aThe pearson guide to objective mathematics:
_cby J. K. Sharma, Anita Khattar [and] Dinesh Khattar
_bFor engineering entrance examinations/
250 _a3rd ed.
260 _aDelhi
_bDorling Kindersley (India) Pvt. Ltd. Licensees of Pearson Education
_c2010
270 _a14, Local Shopping Centre, Panchsheel Park
_bDelhi
_e110017
300 _a1236p. :
_c28 cm. (pbk)
700 _aKhattar, Dinesh
700 _aKhattar, Anita
942 _adpl
_cEN
_2ddc
_mSHA
_h510
999 _c35134
_d35134